000 00459nam a2200169Ia 4500
005 20250320143324.0
008 231217s9999 xx 000 0 und d
020 _a9788131419403
082 _a658.827 SEN;1 R
100 _aSen, Simantee ed.
245 0 _aLifestyle products and brands : concepts and cases
250 _a1st ed.
260 _c2008
_bIcfai University press
_aHyderabad
300 _ax, 190
650 _aLifestyle,brands
942 _cAA
999 _c185266
_d185266